Memoria del seminario de estudios superiores de educación rural. (Record no. 38194)

MARC details
000 -CABECERA
campo de control de longitud fija 00652nam a2200181 a 4500
005 - FECHA Y HORA DE LA ÚLTIMA TRANSACCIÓN
campo de control 20231116063534.0
008 - ELEMENTOS DE LONGITUD FIJA--INFORMACIÓN GENERAL
campo de control de longitud fija 991125s1976 mx 000 0 spa u
035 ## - NÚMERO DE CONTROL DEL SISTEMA
Número de control de sistema UPN01000038194
049 ## - COLECCIÓN
Colección CG
050 #4 - SIGNATURA TOPOGRÁFICA DE LA BIBLIOTECA DEL CONGRESO
Número de clasificación LB1621
Número de documento/Ítem S4.4
111 2# - ASIENTO PRINCIPAL--NOMBRE DE REUNION
Nombre de congreso/reunión o jurisdicción como elemento de entrada Seminario de Estudios Superiores de Educación Rural
Fecha del congreso/reunión (1975 :
Sede del congreso/Lugar de la reunión Carrizal, Veracruz)
245 10 - MENCIÓN DE TÍTULO
Título Memoria del seminario de estudios superiores de educación rural.
260 ## - PUBLICACIÓN, DISTRIBUCIÓN, ETC.
Lugar de publicación, distribución, etc. [Veracruz] :
Nombre del editor, distribuidor, etc. Gobierno del Estado de Veracruz, Dirección General de Educación Popular,
Fecha de publicación, distribución, etc. 1976.
300 ## - DESCRIPCIÓN FÍSICA
Extensión 316 p.
500 ## - NOTA GENERAL
Nota general La obra consta de 3 memorias
650 #4 - ASIENTO SECUNDARIO DE MATERIA - TERMINO TEMATICO
Término de materia o nombre geográfico como elemento de entrada Educación rural
Subdivisión de forma Congresos
9 (RLIN) 14355
905 ## - TIPO DE MATERIAL
Tipo de material Libro
Holdings
Estado de retiro Estado de pérdida Fuente del sistema de clasificación o colocación Estado dañado No para préstamo Código de colección Localización permanente Ubicación/localización actual Ubicación en estantería Total de préstamos Clasificación Código de barras Fecha visto por última vez Número de copia Tipo de ítem Koha
    Library of Congress Classification     Colección General Bib. Gregorio Torres Quintero Bib. Gregorio Torres Quintero Planta baja   LB1621 S4.4 10042 31/12/2020 1 Libro